Meilleurs jeux videos de tout les temps - Statistiques

Statistiques générales
  • Ce quiz a été pris 23 fois
  • Le résultat moyen est 4 sur 10
Statistiques - réponses
Top Note Date de sortie Console Jeux % Correct
4 97 12 novembre 2007 Wii Super Mario Galaxy
65%
6 97 3 mars 2017 Wii U, Nintendo Switch The Legend of Zelda: Breath of the Wild
65%
1 99 23 novembre 1998 Nintendo 64 The Legend of Zelda: Ocarina of Time
65%
10 97 18 novembre 2014 PS3, XBOX 360, PS4, XBOX One, PC, PS5, XBOX X Grand Theft Auto V
53%
5 97 23 mai 2010 Wii Super Mario Galaxy 2
53%
9 97 26 octobre 2018 PS4, XBOx One, PC Red Dead Redemption 2
35%
3 98 29 avril 2008 PS3, PC, XBOX 360 Grand Theft Auto IV
18%
7 97 22 mai 2000 Nintendo 64, XBOX 360 Perfect Dark
12%
2 98 8 septembre 1999 Dream Cast SoulCalibur
12%
8 97 30 octobre 2001 XBOX, PS2, Game Cube, PC Tony Hawk's Pro Skater 3
6%
Aucun quiz correspondant
Distribution des résultats
% des personnes avec chaque résultat
Percentile par nombre de réponses
Votre historique - résultats
Vous n’avez pas pris ce quiz